| 000 | 00471nam a2200157 i 4500 | ||
|---|---|---|---|
| 001 | 99573 | ||
| 003 | ES-MaACL | ||
| 005 | 20230906182523.0 | ||
| 007 | t| | ||
| 008 | 050913s1959 sp ||||1| spa d | ||
| 100 | 1 |
_aMartínez, Pedro Javier. _977794 |
|
| 245 | 1 | 0 |
_aNegro _b: (poemas a una novia muerta) / _cPedro Javier Martínez. |
| 260 |
_aBarcelona : _b[s.n.], _c1959 ( _fGráf. Suñol) |
||
| 300 |
_a25 p., 14 lám. ; _c21 cm. |
||
| 852 |
_aES-MaACL _jC-16186 _bR.44084 |
||
| 999 |
_c99573 _d99573 |
||